00289 a2200121 4500003000500000005001700005040000900022082001100031245006000042505003000102650002100132651001400153Nust20170207154601.0 cNust a025.34 aFollow Me : Units : 46-53, side 1: units: 54-60, side 2 aAlmirah No.73 shelf No.6  aEnglish learning aFollow Me